• 首页
  • 本馆介绍
  • 公告通知
  • 最新文献
  • 馆藏检索
  • 电子资源
  • 读者导购
  • 参考咨询
  • 我的图书馆
  • 登录
  • 详细信息显示
  • 放入我的书架
  • 预约/预借图书
  • 作者相关作品
  • 分类相关作品
  • 丛书相关作品
  • 出版社相关作品

书目信息

  • 表格格式
  • 工作单格式
  • 卡片格式
题名:
百科图解野外求生技巧
    
 
作者: ;瀚鼎文化工作室 编著
分册:  
出版信息: 北京   航空工业出版社  2014
页数: 201页
开本: 24cm
丛书名: 顶级军机图典系列丛书
单 册:
中图分类: G895.19
科图分类:
主题词: 野外--ye wai--生存--图解
电子资源:
ISBN: 978-7-5165-0568-7
000 01173nam 2200277 450
001 012001001958
005 20141203095821.0
010    @a978-7-5165-0568-7@dCNY39.80
099    @aCAL 012014151081
100    @a20220905d2014 em y0chiy50 ea
101 0  @achi
102    @aCN@b110000
105    @aa z 000yy
106    @ar
200 1  @a百科图解野外求生技巧@Abai ke tu jie ye wai qiu sheng ji qiao@f瀚鼎文化工作室编著
210    @a北京@c航空工业出版社@d2014
215    @a201页@c图 (部分彩图)@d24cm
225 2  @a顶级军机图典系列丛书@Ading ji jun ji tu dian xi lie cong shu
320    @a有书目
330    @a本书以国外特种部队的生存技巧为基础,用通俗易懂的语言和简单的图画详细讲解了户外可能遇到的各种情况,针对不同的气候、地形、环境等,全面系统地讲解了野外生存时必备的各项知识,包括灾难自救、野外生存装备、营地的搭建、饮水的采 集和净化、食物的获取、在不同环境中行进、野外急救、求救与营救等。希望能够对读者们有所裨益。
410  0 @12001@a顶级军机图典系列丛书
606 0  @a野外@Aye wai@x生存@j图解
690    @aG895.19@v5
711 02 @a瀚鼎文化工作室@Ahan ding wen hua gong zuo shi@4编著
801  0 @aCN@bAHXH@c20221111
905    @b1376326-30@dG895.19@e560@f5
    
    百科图解野外求生技巧/瀚鼎文化工作室编著.-北京:航空工业出版社,2014
    201页:图 (部分彩图);24cm.-(顶级军机图典系列丛书)
    
    
    ISBN 978-7-5165-0568-7:CNY39.80
    本书以国外特种部队的生存技巧为基础,用通俗易懂的语言和简单的图画详细讲解了户外可能遇到的各种情况,针对不同的气候、地形、环境等,全面系统地讲解了野外生存时必备的各项知识,包括灾难自救、野外生存装备、营地的搭建、饮水的采 集和净化、食物的获取、在不同环境中行进、野外急救、求救与营救等。希望能够对读者们有所裨益。
●
相关链接 在E读中查询图书 在五车中查询图书 在当当中查询图书 在豆瓣中查询图书


正题名:百科图解野外求生技巧     索取号:G895.19/560         预约/预借

序号 登录号 条形码 馆藏地/架位号 状态 备注
1 1376326   213763266   第一样本阅览室/ [索取号:G895.19/560] 在馆    
2 1376327   213763275   教育系资料室/ [索取号:G895.19/560] 在馆    
3 1376328   213763284   教育系资料室/ [索取号:G895.19/560] 在馆    
4 1376329   213763293   第四借阅区/ [索取号:G895.19/560] 在馆    
5 1376330   213763300   第四借阅区/ [索取号:G895.19/560] 在馆    
唐山师范学院图书馆 欢迎您!
大连网信软件有限公司© 版权所有